| 000 | 00425nam a22001697a 4500 | ||
|---|---|---|---|
| 005 | 20180521130400.0 | ||
| 008 | 160519b xxu||||| |||| 00| 0 eng d | ||
| 020 | _a978-0-07-066912-3 | ||
| 041 | _aeng | ||
| 082 |
_b3345 _a511.1 |
||
| 100 |
_aLipschute S & Linson M,L. _9835 |
||
| 245 | _aDiscrete Mathematics | ||
| 260 |
_aNew Delhi _bTMH, _c2006 |
||
| 300 | _a16.34 | ||
| 650 |
_aInformation Technology _9137 |
||
| 942 | _cBK | ||
| 999 |
_c1147 _d1147 |
||